00597nam a2200205Ia 450000500170000000800460001703700110006304000080007404000080008204000080009004100080009804100080010608400080011410000470012224501010016926000090027030000100027965000200028970000820030920260430150433.0008 250103s9999 xx 000 0 eng d aTheses aCRL beng ceng 2eng aeng qCRL aVinay Kumar Au.; Mukhopadhyaya Ranjana Gu. 0aStudy of the Role of Civil Protest in the Consolidation of Democracy in South Korea:1960 to 1993 c2023 a177p. aSocial Sciences aUniversity of Delhi. Faculty of Social Sciences. Deptt. of East Asian Studies